000 00896nam a22002417a 4500
003 OSt
005 20130717143907.0
008 130717b xxu||||| |||| 00| 0 eng d
020 _a9780787986094
040 _aDLC
_bEnglish
_cDLC
_dDLC
050 _aHE 9715.D48
_bS85 2007
100 _aSullivan, Nicholas P.
_921892
245 _aYou can hear me now :
_bhow microloans and cell phones are connecting the world's poor to the global economy
_cNicholas P.Sullivan.
250 _a1st ed.
260 _aSan Francisco, CA.
_bJossey-Bass.
_cc2007.
300 _axxxvii, 232 p.;
504 _aIncludes bibliography and index.
610 _aGrameen Phone Ltd.
_921893
650 _aCellular telephone services industry
_zDeveloping countries.
_921894
650 _aInformation technology
_zDeveloping countries.
_921895
650 _aTelecommunication
_zDeveloping countries.
_921896
942 _2lcc
_cBK
999 _c57623
_d57597